[Event "Liptovsky Jan op"]
[Site "Liptovsky Jan"]
[Date "2022.06.26"]
[Round "6"]
[White "Szaszak, Matej"]
[Black "Sotnik, Simon"]
[Result "0-1"]
[WhiteElo "1226"]
[BlackElo "1020"]
[PlyCount "93"]
[EventDate "2022.06.23"]
[EventType "swiss"]
[EventRounds "7"]
[EventCountry "SVK"]
[SourceTitle "CBM 209 Extra"]
[Source "ChessBase"]
[SourceDate "2022.09.30"]
[SourceVersion "1"]
[SourceVersionDate "2022.09.30"]
[SourceQuality "1"]

1. e4 c5 2. Bc4 g6 3. b3 Bg7 4. Nc3 Nc6 5. Bb2 e6 6. Na4 Bxb2 7. Nxb2 Nf6 8. d3 a6 9. a4 d5 10. exd5 exd5 11. Qe2+ Qe7 12. Qxe7+ Nxe7 13. Nf3 dxc4 14. Nxc4 Bg4 15. Nfe5 Rd8 16. Ne3 Bf5 17. 0-0 0-0 18. Rae1 Ned5 19. c4 Nxe3 20. Rxe3 Rfe8 21. Rfe1 Nd7 22. Nxd7 Bxd7 23. Rxe8+ Rxe8 24. Rxe8+ Bxe8 25. Kf1 Bc6 26. a5 Kf8 27. g3 Ke7 28. Ke2 Kd6 29. Ke3 f5 30. f4 h6 31. d4 g5 32. h3 cxd4+ 33. Kxd4 gxf4 34. gxf4 Kc7 35. c5 Bg2 36. h4 h5 37. b4 Kc6 38. Ke5 Bh3 39. Kd4 Kb5 40. Kc3 Bg2 41. Kb3 Bd5+ 42. Ka3 Be4 43. Kb3 Bf3 44. Kc3 Bd1 45. Kd2 Ba4 46. Kc3 Bd1 47. c6 0-1